| 000 | 01357cad a22002175a 4500 | ||
|---|---|---|---|
| 001 | E149861 | ||
| 008 | 100506s2010 xxk f s000 0 eng d | ||
| 020 | _a9780755993345 | ||
| 035 | _a(Sirsi) u149861 | ||
| 041 | 0 | _aeng | |
| 245 | 0 | 0 |
_aHow to serve a Scottish SDI and INSPIRE conformant web map service _ba BGS and Scottish Government co-funded research report _h[electronic resource] |
| 260 |
_aEdinburgh _bBritish Geological Survey _c2010 |
||
| 520 | _aScotland's Geographic Information Strategy "One Scotland: One Geography" was published in 2005, aimed at delivering Scotland's Spatial Data Infrastructure (SDI). This includes two elements: ensuring access to the most up-to-date and accurate geographic information; and developing and promoting the sharing of geographic information. This Report is the Cookbook for Web Mapping Services and will be used during 2010/11 to guide organisations in exposing priority datasets to the Scottish SDI, ensuring their compliance with the INSPIRE Directive in the long term. | ||
| 521 | _aExpert | ||
| 590 | _aKA | ||
| 651 | 4 |
_aScotland _y1999- |
|
| 690 | _aENVIRONMENTAL AND LAND CONSULTANCY-GEOMATICS-MAPPING AND POSITIONING | ||
| 700 | 1 |
_aDuffy, Tim _eEditor |
|
| 856 | 4 | 0 |
_uhttps://www.scotland.gov.uk/Publications/2010/05/06113428/0 _zView the report free of charge at www.scotland.gov.uk |
| 942 | _n0 | ||
| 999 |
_c110651 _d110651 |
||